LIBRARY & INFORMATION CENTRE, KCAET, TAVANUR

ONLINE PUBLIC ACCESS CATALOGUE (OPAC)

Power plant engineering / (Record no. 13955)

MARC details
000 -LEADER
fixed length control field 00355nam a22001337a 4500
003 - CONTROL NUMBER IDENTIFIER
control field OSt
008 - FIXED-LENGTH DATA ELEMENTS--GENERAL INFORMATION
fixed length control field 241218b |||||||| |||| 00| 0 eng d
020 ## - INTERNATIONAL STANDARD BOOK NUMBER
ISBN 9788120346123
082 ## - DEWEY DECIMAL CLASSIFICATION NUMBER
Classification number 621.3121
Item number GUP/PO
100 ## - MAIN ENTRY--AUTHOR NAME
Personal name Gupta, Manoj Kumar
245 ## - TITLE STATEMENT
Title Power plant engineering /
260 ## - PUBLICATION, DISTRIBUTION, ETC. (IMPRINT)
Place of publication New Delhi :
Name of publisher PHI Learning Private Limited.
Year of publication 2012.
942 ## - ADDED ENTRY ELEMENTS (KOHA)
Koha item type Books
Holdings
Withdrawn status Lost status Damaged status Collection code Home library Current library Shelving location Date acquired Source of acquisition Cost, normal purchase price Full call number Accession Number Koha item type
      Non-fiction KAUAET KAUAET General Stacks 30/03/2013 Calicut Book Distributors 325.00 621.3121 GUP/PO 23741 Books
free website counter